| 000 | 02887nam a22003137a 4500 | ||
|---|---|---|---|
| 999 |
_c60146 _d60146 |
||
| 003 | Ge_BSU | ||
| 005 | 20230612175306.0 | ||
| 008 | 230612s2018 ge ||||| |||| 00| 0 geo d | ||
| 020 | _a9789941137969 | ||
| 041 | _ageo | ||
| 080 | _a903.2(479.22) თ-41 | ||
| 100 |
_aთეთრუაშვილი, ანა _918659 |
||
| 245 |
_aმეურნეობის ტიპები გრაკლიან გორაზე = The agriculture types on the Grakliani Hill : _bქვის ინდუსტრიის არქეოლოგიური და ტრასოლოგიური კვლევების მიხედვით / _cანა თეთრუაშვილი; სამეცნიერო რედაქტორი ვახტანგ ლიჩელი; რედაქტორები: თამარ თარხნიშვილი, ნათია ჯანგულაშვილი, ლანა კირკიტაძე; ინგლისური ენის რედაქტორი მარინა ჭყონია; გარეკანის დიზაინი თინათინ ჩირინაშვილი; ივანე ჯავახიშვილის სახელობის თბილისის სახელმწიფო უნივერსიტეტი. |
||
| 264 |
_aთბილისი : _bთბილ. უნ-ტის გამ-ბა, _c2018. |
||
| 300 |
_a196 გვ. : _bსურ., ცხრ., დიაგრ. ; _c20 სმ. |
||
| 500 | _aეძღვნება გიორგი შარიფაშვილის ხსოვნას. | ||
| 504 | _aბიბლიოგრაფია: გვ. 157-166 | ||
| 520 | _aრეზიუმე ინგლისურ ენაზე. | ||
| 653 | _aსაქართველოს არქეოლოგია | ||
| 653 | _aქართული ნივთიერი კულტურა | ||
| 700 |
_aლიჩელი, ვახტანგ _eსამეცნ. რედაქტორი _918277 |
||
| 700 |
_aთარხნიშვილი, თამარ _eრედაქტორი. _913899 |
||
| 700 |
_aჯანგულაშვილი, ნათია _eრედაქტორი _918660 |
||
| 700 |
_aკირკიტაძე, ლანა _eრედაქტორი _918661 |
||
| 700 |
_aჭყონია, მარინა _eინგლ. ენის რედაქტორი. _95670 |
||
| 700 |
_aჩირინაშვილი, თინათინ _eგარეკანის დიზაინერი. _918081 |
||
| 710 |
_aივანე ჯავახიშვილის სახელობის თბილისის სახელმწიფო უნივერსიტეტი _918662 |
||
| 942 |
_2udc _cBK |
||